| 000 -Etiqueta do registo | |
|---|---|
| campo de controlo de comprimento fixo | 007950000a22002530004500 |
| 001 - Identificador do registo | |
| Campo de controlo | 50680 |
| 010 ## - ISBN | |
| Número (ISBN) | 972-649-192-4 |
| 021 ## - Nº depósito legal | |
| Código do país | Portugal |
| Número | 35668/90 |
| 100 ## - Dados Gerais de Proc. | |
| Dados gerais de processamento | 20131106d1990 d||y0pory5003 ba |
| 101 0# - Língua da publicação | |
| Língua do texto, banda sonora, etc. | Português |
| 102 ## - País de Publicação | |
| País de publicação | Portugal |
| 200 1# - Título | |
| Título próprio | História do sono e do sonho |
| Primeira menção de responsabilidade | José Jorge Letria |
| Outras menções de responsabilidade | il. João Lemos |
| 210 ## - Publicação, Distribuição | |
| Lugar da edição, distribuição, etc. | [S.l] |
| Nome do editor, distribuidor, etc. | Desabrochar |
| Data da publicação, distribuição, etc. | 1990 |
| 215 ## - Descrição física | |
| Descrição física | 71 p. |
| Outras indicações físicas | il. |
| 225 2# - Colecção | |
| Título próprio da colecção | Desabrochar contos |
| Indicação de volume | 5 |
| 606 ## - Nome comum | |
| Koha Internal code | 2095 |
| Elemento de entrada | Literatura infantil |
| Subdivisão de assunto | Conto |
| 675 ## - CDU | |
| Notação | 82-34 |
| Edição | BN |
| Língua da edição | Português |
| 700 #1 - Responsabilidade principal | |
| Koha Internal Code | 27662 |
| Palavra de ordem | Letria |
| Outra parte do nome | José Jorge |
| Datas | 1951- |
| 702 #1 - Responsabilidade secundária | |
| Koha Internal Code | 27481 |
| Código de função | Ilustrador |
| Palavra de ordem | Lemos |
| Outra parte do nome | João |
| 801 ## - Fonte de origem | |
| País | Portugal |
| Data da última transacção | 20131106 |
| 090 ## - Números de controlo do sistema (Koha) | |
| Número biblioitem do Koha (gerado automaticamente) | 50680 |
| 942 ## - Elementos de entrada adicionados (Koha) | |
| Tipo de item no Koha | Monografias |
| Suprimido | Disponível no OPAC |
| 999 ## - Campo local | |
| Campo local | 50680 |
| Perdido (estado) | Data de aquisição | Origem do registo (biblioteca) (codificado) | Código da organização que empresta ou é detentora (biblioteca) | Código de barras | Cota | Tipo de circulação (não pode ser emprestado) | Tipo de item e material | Número de inventário | Numeração (volume ou outra parte) |
|---|---|---|---|---|---|---|---|---|---|
| Disponível | 2020-10-27 | Biblioteca EB1 da Horta do Carmo | Biblioteca EB1 da Horta do Carmo | BE1HC4030 | 82-34 LET | Normal | Monografias | 4030 | 5 |
| Indisponível | 2013-11-06 | Biblioteca EB23 D. Paio Peres Correia | Biblioteca EB23 D. Paio Peres Correia | BEBDPPC4793 | 81.6 LET | Normal | Monografias |